00494nam a2200169Ia 450000500170000000800410001704000190005804100120007708200240008910000220011324500490013526000300018430000100021465000670022465100230029185000100031420230429104839.0131103s9999 xx 000 0 und d aLoreto College aEnglish aTAG 891.44bTAG-BHO aBhowmik, Gouranga aRabindra sahityer alochanacGouranga Bhowmik aCalcuttabAcademikac1967 a192p  aTagore, Rabindranath, 1861-1941 - Criticism and Interpretation aBengali Literature aLCLIB